000 01393nam a2200397 c 4500
001 22884
003 ES-MaCES
005 20141221122819.0
008 100304s2010 sp t 000 | spa d
017 _aV 4387-2010
_bDL
020 _a9788498766998
035 _aCES20100001652m
040 _aES-MaCES
_bspa
_cES-MaCES
100 1 _aCamps Ruiz, Luis Miguel
_98856
245 1 3 _aLa participación de los trabajadores en la prevención de riesgos laborales
_cLuis Miguel Camps Ruiz
260 _aValencia
_bTirant lo Blanch
_c2010
300 _a90 p.
_c21 cm
490 1 _aTirant lo Blanch laboral práctico
_v17
541 _cCompra
650 4 _aparticipación de los trabajadores
_928378
650 4 _aseguridad en el trabajo
_928348
650 4 _asalud en el trabajo
_928347
650 4 _acomité de higiene y seguridad
_929518
650 4 _arepresentante de los trabajadores
_928374
650 4 _aderechos de los trabajadores
_929924
650 4 _adivulgación de la información
_929540
650 4 _aderecho del trabajo
_927165
650 4 _aderecho jurisprudencial
_929863
650 4 _aEspaña
_926964
650 4 _arégimen jurídico
_929894
653 1 0 _aDerecho del trabajo y Seguridad Social
830 0 _aTirant lo Blanch laboral práctico
_v17
_934190
902 _aLIB Libro
942 _2CES
_cBK
_h6.0.1.
999 _c22884
_d22884